<?xml version="1.0" encoding="UTF-8"?>
<record
    xmlns:xsi="http://www.w3.org/2001/XMLSchema-instance"
    xsi:schemaLocation="http://www.loc.gov/MARC21/slim http://www.loc.gov/standards/marcxml/schema/MARC21slim.xsd"
    xmlns="http://www.loc.gov/MARC21/slim">

  <leader>01016nam a2200253   4500</leader>
  <controlfield tag="001">39181</controlfield>
  <controlfield tag="003">BD-RjUL</controlfield>
  <controlfield tag="005">20211209052933.0</controlfield>
  <controlfield tag="008">160405s2010    bg ||||e |||| 00| 0 ben d</controlfield>
  <datafield tag="020" ind1=" " ind2=" ">
    <subfield code="a">9847020900627</subfield>
    <subfield code="c">: Tk. 435.00</subfield>
  </datafield>
  <datafield tag="035" ind1=" " ind2=" ">
    <subfield code="a">(BD-RjUL)39293</subfield>
  </datafield>
  <datafield tag="040" ind1=" " ind2=" ">
    <subfield code="a">BD-RjUL</subfield>
    <subfield code="b">ben</subfield>
    <subfield code="c">BD-RjUL</subfield>
    <subfield code="d">BD-RjUL</subfield>
  </datafield>
  <datafield tag="041" ind1=" " ind2=" ">
    <subfield code="a">ben</subfield>
  </datafield>
  <datafield tag="082" ind1=" " ind2=" ">
    <subfield code="2">23</subfield>
    <subfield code="a">894.3533</subfield>
    <subfield code="b">PAT 2010</subfield>
  </datafield>
  <datafield tag="100" ind1=" " ind2=" ">
    <subfield code="a">&#x9AA;&#x9BE;&#x9AE;&#x9C1;&#x995;, &#x993;&#x9B0;&#x9B9;&#x9BE;&#x9A8; </subfield>
    <subfield code="9">120865</subfield>
  </datafield>
  <datafield tag="245" ind1="1" ind2="0">
    <subfield code="a">&#x9A4;&#x9C1;&#x9B7;&#x9BE;&#x9B0; / </subfield>
    <subfield code="c">&#x993;&#x9B0;&#x9B9;&#x9BE;&#x9A8; &#x9AA;&#x9BE;&#x9AE;&#x9C1;&#x995;; &#x985;&#x9A8;&#x9C1;&#x9AC;&#x9BE;&#x9A6;&#x983; &#x9AA;&#x9CD;&#x9B0;&#x9AC;&#x9C0;&#x9B0; &#x99A;&#x9CD;&#x9AF;&#x9BE;&#x99F;&#x9BE;&#x9B0;&#x9CD;&#x99C;&#x9C0; </subfield>
  </datafield>
  <datafield tag="250" ind1=" " ind2=" ">
    <subfield code="a">&#x9E7;&#x9AE; &#x9B8;&#x982;&#x9B8;&#x9CD;&#x995;&#x9B0;&#x9A3;</subfield>
  </datafield>
  <datafield tag="260" ind1=" " ind2=" ">
    <subfield code="a">&#x9A2;&#x9BE;&#x995;&#x9BE; :</subfield>
    <subfield code="b">&#x9B8;&#x9A8;&#x9CD;&#x9A6;&#x9C7;&#x9B6;,</subfield>
    <subfield code="c">&#x9E8;&#x9E6;&#x9E7;&#x9E6;. </subfield>
  </datafield>
  <datafield tag="300" ind1=" " ind2=" ">
    <subfield code="a">&#x9E9;&#x9EE;&#x9EA; &#x9AA;&#x9C3;. ; </subfield>
    <subfield code="c">&#x9E8;&#x9E8; &#x9B8;&#x9C7;&#x9AE;&#x9BF;. </subfield>
  </datafield>
  <datafield tag="650" ind1=" " ind2=" ">
    <subfield code="a">&#x9A4;&#x9C1;&#x9B0;&#x9CD;&#x995;&#x9BF; &#x989;&#x9AA;&#x9A8;&#x9CD;&#x9AF;&#x9BE;&#x9B8; (&#x9AC;&#x9BE;&#x982;&#x9B2;&#x9BE; &#x985;&#x9A8;&#x9C1;&#x9AC;&#x9BE;&#x9A6;)</subfield>
    <subfield code="9">120866</subfield>
  </datafield>
  <datafield tag="650" ind1=" " ind2=" ">
    <subfield code="a">Turkish Fiction (Bengali Translation)</subfield>
    <subfield code="9">120867</subfield>
  </datafield>
  <datafield tag="700" ind1=" " ind2=" ">
    <subfield code="a">&#x99A;&#x9CD;&#x9AF;&#x9BE;&#x99F;&#x9BE;&#x9B0;&#x9CD;&#x99C;&#x9C0;, &#x9AA;&#x9CD;&#x9B0;&#x9AC;&#x9C0;&#x9B0;, &#x985;&#x9A8;&#x9C1;&#x9AC;&#x9BE;&#x9A6; </subfield>
    <subfield code="9">120868</subfield>
  </datafield>
  <datafield tag="942" ind1=" " ind2=" ">
    <subfield code="2">ddc</subfield>
    <subfield code="c">BK</subfield>
    <subfield code="0">4</subfield>
  </datafield>
  <datafield tag="999" ind1=" " ind2=" ">
    <subfield code="c">39181</subfield>
    <subfield code="d">39181</subfield>
  </datafield>
  <datafield tag="952" ind1=" " ind2=" ">
    <subfield code="0">0</subfield>
    <subfield code="1">0</subfield>
    <subfield code="2">ddc</subfield>
    <subfield code="4">0</subfield>
    <subfield code="7">1</subfield>
    <subfield code="8">FIC</subfield>
    <subfield code="a">RUCL</subfield>
    <subfield code="b">RUCL</subfield>
    <subfield code="c">Reading</subfield>
    <subfield code="d">2013-06-24</subfield>
    <subfield code="e">Sondesh, Dhaka.</subfield>
    <subfield code="g">435.00</subfield>
    <subfield code="l">0</subfield>
    <subfield code="o">B 894.3533 PAT 2010</subfield>
    <subfield code="r">2016-04-05 00:00:00</subfield>
    <subfield code="t">C-1</subfield>
    <subfield code="w">2016-04-05</subfield>
    <subfield code="y">BK</subfield>
  </datafield>
  <datafield tag="952" ind1=" " ind2=" ">
    <subfield code="0">0</subfield>
    <subfield code="1">0</subfield>
    <subfield code="2">ddc</subfield>
    <subfield code="4">0</subfield>
    <subfield code="7">0</subfield>
    <subfield code="8">FIC</subfield>
    <subfield code="a">RUCL</subfield>
    <subfield code="b">RUCL</subfield>
    <subfield code="c">Stack</subfield>
    <subfield code="d">2013-06-24</subfield>
    <subfield code="e">Sondesh, Dhaka.</subfield>
    <subfield code="g">435.00</subfield>
    <subfield code="l">8</subfield>
    <subfield code="o">B 894.3533 PAT 2010</subfield>
    <subfield code="r">2024-11-17 00:00:00</subfield>
    <subfield code="s">2024-11-12</subfield>
    <subfield code="t">C-2</subfield>
    <subfield code="w">2016-04-05</subfield>
    <subfield code="y">BK</subfield>
  </datafield>
  <datafield tag="952" ind1=" " ind2=" ">
    <subfield code="0">0</subfield>
    <subfield code="1">0</subfield>
    <subfield code="2">ddc</subfield>
    <subfield code="4">0</subfield>
    <subfield code="7">0</subfield>
    <subfield code="8">FIC</subfield>
    <subfield code="a">RUCL</subfield>
    <subfield code="b">RUCL</subfield>
    <subfield code="c">Stack</subfield>
    <subfield code="d">2013-06-24</subfield>
    <subfield code="e">Sondesh, Dhaka.</subfield>
    <subfield code="g">435.00</subfield>
    <subfield code="l">3</subfield>
    <subfield code="o">B 894.3533 PAT 2010</subfield>
    <subfield code="r">2019-02-14 00:00:00</subfield>
    <subfield code="s">2019-01-23</subfield>
    <subfield code="t">C-3</subfield>
    <subfield code="w">2016-04-05</subfield>
    <subfield code="y">BK</subfield>
  </datafield>
</record>
